| 000 | 00457nam a2200205Ia 4500 | ||
|---|---|---|---|
| 003 | 0100 | ||
| 008 | 130303s9999 xx 000 0 und d | ||
| 020 | _a1840462353 | ||
| 040 | _cARRUPELIB | ||
| 050 | _aB2430.L96S588 | ||
| 100 | _aSim, Stuart | ||
| 245 | _aLyotard and the inhuman | ||
| 260 | _aCambridge | ||
| 260 | _bIcon Books | ||
| 260 | _C2001 | ||
| 300 | _a79p. | ||
| 300 | _b 18cm | ||
| 440 | _aPostmodern Encounters | ||
| 942 |
_2lcc _01 |
||
| 999 |
_c60908 _d60908 |
||